| 000 | 00453nam a22001817a 4500 | ||
|---|---|---|---|
| 003 | CEME | ||
| 005 | 20210628203252.0 | ||
| 008 | 210127b xxu||||| |||| 00| 0 eng d | ||
| 020 | _a81-7808-265-9 | ||
| 040 | _c. | ||
| 082 | _a620.4022 LON | ||
| 100 |
_aLong, Christopher.A _964399 |
||
| 245 | _aEssential heat transfer | ||
| 260 |
_aINDIA _bPEARSON EDUCATION ASIA _c2001 |
||
| 300 | _aXX,387P | ||
| 650 |
_aHEAT TRANSFER _930250 |
||
| 942 |
_cBK _2ddc |
||
| 999 |
_c572903 _d572903 |
||